zpět

Detail výsledku týmu

Přátelé / Ostrava, Ostrava

Datum a čas kvízu

32.5 Celkem bodů Celkový počet nahraných bodů na tomto kvízu bez doplňovacích otázek.
2. Pořadí na kvízu Konečné umístění týmu na tomto kvízu.

Zaznamenané odpovědi

# Otázka Odpověď Body Výsledky
1. Legendární vlak Orient Express... 0
2. Někteří světoví státníci letos... 0
3. Jeden z nejoriginálnějších umě... 1
4. O tom, že se podnikatel a vizi... 1
5. Dva góly a dvě typická oslavná... 1
6. Ukrajina patří mezi největší z... 0
7. Hlavním a největším městem Ukr... 1
8. Jak se jmenuje prezident Ukraj... 1
9. Mezi nejtypičtější ukrajinské... 0
10. Ukrajina drží jeden zajímavý s... 0